| 000 | 00854nam a22002415a 4500 | ||
|---|---|---|---|
| 003 | OSt | ||
| 005 | 20170316134951.0 | ||
| 008 | 170313s2013 ua frb 000 0 ara d | ||
| 015 | _a2012 / 15945 | ||
| 040 |
_aEG-ScBUE _bara _cEG-ScBUE |
||
| 082 | 0 | 4 |
_222 _bع ب د _a340.9 |
| 100 | 1 | _aعبد العزيز، محمود لطفي محمود. | |
| 245 | 1 | 2 |
_aالتنازع الدولي للاختصاص القضائي / _cمحمود لطفي محمود عبد العزيز. |
| 250 | _aط. 1. | ||
| 260 |
_aالقاهرة : _bدار النهضة العربية، _c2013. |
||
| 300 |
_a215 ص. ؛ _c24 سم. |
||
| 504 | _aيشتمل على إرجاعات ببليوجرافية. | ||
| 650 | 0 |
_2BUEsh _aتنازع القوانين. |
|
| 650 | 7 |
_aالاختصاص القضائي. _941086 |
|
| 651 | _2BUEsh | ||
| 653 |
_bLLAAWW _cMarch2017 |
||
| 942 | _2ddc | ||
| 999 |
_c24450 _d24422 |
||